Slovensko musíme pre investorov udržať "sexi" príťažlivé

Profilový rozhovor s prezidentom Podnikateľskej aliancie Martinom Krekáčom. Jedna z hlavných ciest, ako udržať Slovensko atraktívne pre zahraničných i domácich investorov, vedie cez reformu odvodového systému. Hlavným cieľom reformy odvodového systému je jeho zjednodušenie. Parametre nového systému....

Description complète

Enregistré dans:
Détails bibliographiques
Auteur principal: Marianyi, Peter
Autres auteurs: Krekáč, Martin
Format: Chapitre de livre
Langue:slovaque
Sujets:
Tags: Ajouter un tag
Pas de tags, Soyez le premier à ajouter un tag!

MARC

LEADER 00000naa$a2200000$$$4500
001 0095720
005 20231011121550.0
041 0 |a slo 
044 |a SK 
245 1 0 |a Slovensko musíme pre investorov udržať "sexi" príťažlivé  |c Peter Marianyi, Martin Krekáč 
520 |a Profilový rozhovor s prezidentom Podnikateľskej aliancie Martinom Krekáčom. Jedna z hlavných ciest, ako udržať Slovensko atraktívne pre zahraničných i domácich investorov, vedie cez reformu odvodového systému. Hlavným cieľom reformy odvodového systému je jeho zjednodušenie. Parametre nového systému. Kvôli kríze by sa nemali odsúvať reformy na vedľajšiu koľaj, dlhodobé opatrenia nahrádzať krátkodobými. 
610 2 0 |a investori 
610 2 0 |a investovanie 
610 2 0 |a investície zahraničné 
610 2 0 |a odvody 
610 2 0 |a reformy 
610 2 0 |a zaťaženie daňové 
610 2 0 |a Slovensko 
100 1 |a Marianyi, Peter 
700 1 |a Krekáč, Martin